Narrar Ámsterdam : una ciudad a través de sus libros /
Gespeichert in:
| Weitere Verfasser: | , |
|---|---|
| Format: | Elektronisch E-Book |
| Sprache: | Spanisch |
| Veröffentlicht: |
Villa María, Córdoba :
Eduvim,
[2013]
|
| Schlagworte: | |
| Online-Zugang: | Digitalia Hispánica |
| Tags: |
Tag hinzufügen
Keine Tags, Fügen Sie den ersten Tag hinzu!
|
MARC
| LEADER | 00000nam a2200000Ii 4500 | ||
|---|---|---|---|
| 001 | DIGEDUV0165 | ||
| 003 | NyNyDIG0 | ||
| 006 | m o d | ||
| 007 | cr ||||||||||| | ||
| 008 | 220301s2013 ag ob 000 0 spa d | ||
| 035 | |a (OCoLC)1319852952 | ||
| 040 | |a DGITA |b eng |e rda |e pn |c DGITA | ||
| 020 | |a 9789876990516 |q eBook |q ePub | ||
| 020 | |z 9789876990417 | ||
| 050 | 1 | 4 | |a PN3321 ebook |
| 245 | 0 | 0 | |a Narrar Ámsterdam : |b una ciudad a través de sus libros / |c Victor Schiferli, Micaela van Muylem (compiladores). |
| 264 | 1 | |a Villa María, Córdoba : |b Eduvim, |c [2013] | |
| 300 | |a 1 online resource. | ||
| 336 | |a text |2 rdacontent | ||
| 337 | |a computer |b c |2 rdamedia | ||
| 338 | |a online resource |b cr |2 rdacarrier | ||
| 347 | |a text file |2 rdaft | ||
| 347 | |b PDF | ||
| 504 | |a Includes bibliographical references. | ||
| 588 | 0 | |a Online resource; title from PDF title page (Digitalia, viewed March 01, 2022) | |
| 651 | 0 | |a Amsterdam (Netherlands) |x Anthologies. | |
| 651 | 0 | |a Amsterdam (Netherlands) |x Literature |v Collections. | |
| 655 | 0 | |a Electronic books. | |
| 700 | 1 | |a Schiferli, Victor, |d 1967- |e compiler. | |
| 700 | 1 | |a Muylem, Micaela van, |e compiler. | |
| 776 | 0 | 8 | |i Print version: |t Narrar Ámsterdam. |d Villa María, Córdoba : Eduvim, [2013] |z 9789876990417 |
| 791 | 2 | |a Digitalia (Firm), |e distributor. | |
| 793 | 0 | |g Digitalia eBook Collection: |a Ediciones Eduvim | |
| 856 | 4 | 0 | |3 Digitalia Hispánica |u https://digitalia.unach.elogim.com/a/30626/ |
| 910 | |a Premium Collection: 2022 | ||